<?xml version="1.0" encoding="UTF-8"?>
<record
    xmlns:xsi="http://www.w3.org/2001/XMLSchema-instance"
    xsi:schemaLocation="http://www.loc.gov/MARC21/slim http://www.loc.gov/standards/marcxml/schema/MARC21slim.xsd"
    xmlns="http://www.loc.gov/MARC21/slim">

  <leader>01361nam a2200289 a 4500</leader>
  <controlfield tag="001">22948</controlfield>
  <controlfield tag="003">UkOxU</controlfield>
  <controlfield tag="005">20211209000856.0</controlfield>
  <controlfield tag="008">140309s1986    enk           000 0 eng d</controlfield>
  <datafield tag="035" ind1=" " ind2=" ">
    <subfield code="a">BD-RjUL)23013</subfield>
  </datafield>
  <datafield tag="040" ind1=" " ind2=" ">
    <subfield code="a">DLC</subfield>
    <subfield code="c">WSU</subfield>
    <subfield code="d">SER</subfield>
    <subfield code="d">BD-RjUL</subfield>
    <subfield code="b">eng</subfield>
  </datafield>
  <datafield tag="041" ind1="1" ind2=" ">
    <subfield code="a">eng</subfield>
    <subfield code="a">lat</subfield>
    <subfield code="h">lat</subfield>
  </datafield>
  <datafield tag="082" ind1="0" ind2="4">
    <subfield code="a">823.2</subfield>
    <subfield code="b">JOT 1886</subfield>
  </datafield>
  <datafield tag="100" ind1="0" ind2=" ">
    <subfield code="a">Joannes,</subfield>
    <subfield code="d">-1375.</subfield>
    <subfield code="9">70754</subfield>
  </datafield>
  <datafield tag="245" ind1="1" ind2="4">
    <subfield code="a">The three kings of Cologne :</subfield>
    <subfield code="b">an early English translation of the "Historia trium regum" by John of Hildesheim /</subfield>
    <subfield code="c">edited from the mss., together with the Latin text, by C. Horstmann.</subfield>
  </datafield>
  <datafield tag="260" ind1=" " ind2=" ">
    <subfield code="a">London :</subfield>
    <subfield code="b">Published for the Early English Text Society by N. Tr&#xFC;bner &amp; Co,</subfield>
    <subfield code="c">1886.</subfield>
  </datafield>
  <datafield tag="300" ind1=" " ind2=" ">
    <subfield code="a">xxi, 312 p. ;</subfield>
    <subfield code="c">23 cm.</subfield>
  </datafield>
  <datafield tag="490" ind1="1" ind2=" ">
    <subfield code="a">Original series / Early English Text Society ;</subfield>
    <subfield code="v">85</subfield>
  </datafield>
  <datafield tag="505" ind1="0" ind2=" ">
    <subfield code="a">Introduction.--The Cambridge ms. Univ. libr. Ee 4.32.--The Royal ms. 18A. X. f. 87, in the British Museum.--Various readings.--Readings in Wynkyn de Worde's ed., A.D. 1499.--Readings to the Royal ms. text from ms. Cott. Vesp. E. XVI.--Liber de gestis et translacionibus trium regum, from ms. Brandenburg. I. l. 176</subfield>
  </datafield>
  <datafield tag="650" ind1=" " ind2="0">
    <subfield code="a">Magi</subfield>
    <subfield code="v">Legends</subfield>
    <subfield code="9">70755</subfield>
  </datafield>
  <datafield tag="830" ind1=" " ind2="0">
    <subfield code="v">no. 85.</subfield>
    <subfield code="9">72128</subfield>
  </datafield>
  <datafield tag="700" ind1="1" ind2=" ">
    <subfield code="a">Horstmann, Carl,</subfield>
    <subfield code="d">1851-</subfield>
    <subfield code="9">70757</subfield>
  </datafield>
  <datafield tag="830" ind1=" " ind2="0">
    <subfield code="a">Early English Text Society (Series).</subfield>
    <subfield code="9">72129</subfield>
  </datafield>
  <datafield tag="942" ind1=" " ind2=" ">
    <subfield code="2">ddc</subfield>
    <subfield code="c">BK</subfield>
  </datafield>
  <datafield tag="999" ind1=" " ind2=" ">
    <subfield code="c">22948</subfield>
    <subfield code="d">22948</subfield>
  </datafield>
  <datafield tag="952" ind1=" " ind2=" ">
    <subfield code="0">0</subfield>
    <subfield code="1">0</subfield>
    <subfield code="2">ddc</subfield>
    <subfield code="4">0</subfield>
    <subfield code="7">2</subfield>
    <subfield code="8">FIC</subfield>
    <subfield code="a">RUCL</subfield>
    <subfield code="b">RUCL</subfield>
    <subfield code="c">Reading</subfield>
    <subfield code="d">2014-03-09</subfield>
    <subfield code="l">0</subfield>
    <subfield code="o">823.2 JOE 1886</subfield>
    <subfield code="r">2014-03-09 00:00:00</subfield>
    <subfield code="t">C-1</subfield>
    <subfield code="w">2021-12-09</subfield>
    <subfield code="y">BK</subfield>
  </datafield>
</record>
